000 00715nam a2200241Ia 4500
003 OSt
005 20220930071617.0
006 a|||||r|||| 00| 0
007 ta
008 220926b |||||||| |||| 00| 0 hin d
024 _a17701
037 _cTheses
040 _aCRL
_cCRL
_bhin
041 _2hin
_ahin
100 _aSharma Bhakt Ram
_9528710
110 _aUniversity of Delhi. Faculty of Arts. Department of Hindi
245 0 _aSamsamyik aandolno kee pristbhumi mein chayavadi-- tar kavyey ka adhyan.
260 _c1977
650 _aHINDI LITERATURE
_923866
700 _aUniversity of Delhi. Faculty of Arts. Department of Hindi
942 _cDIS
_2CC
999 _c862568
_d862568